Click a Movie, Initially - Rom-Coms Quiz Stats

 Plays Quiz Updated Feb 28, 2019

Score 0/20 Timer 05:00
8 Plays Today
% Correct
Pretty Woman
90.7%
The Wedding Singer
90.6%
Wedding Crashers
88.9%
Breakfast At Tiffany's
87.7%
Knocked Up
84.8%
There's Something About Mary
83.6%
Sleepless In Seattle
83.5%
When Harry Met Sally...
82.9%
Bridget Jones's Diary
82.5%
My Big Fat Greek Wedding
76.5%
% Correct
The Princess Bride
76.3%
My Best Friend's Wedding
74%
Shallow Hal
68.1%
Four Weddings And A Funeral
67%
The Seven Year Itch
66.9%
Forgetting Sarah Marshall
65.5%
Crazy, Stupid, Love.
61.6%
Notting Hill
59.7%
Working Girl
59.1%
City Lights
52.7%

You're not logged in!

Compare scores with friends on all Sporcle quizzes.
OR
Log In

You Might Also Like...

Show Comments

Extras

Top Quizzes Today


Score Distribution

Your Account Isn't Verified!

In order to create a playlist on Sporcle, you need to verify the email address you used during registration. Go to your Sporcle Settings to finish the process.

Report this User

Report this user for behavior that violates our Community Guidelines.

Details: